Inštitucionálne investovanie v SR a vo svete bakalárska práca

Gespeichert in:
Bibliographische Detailangaben
1. Verfasser: Miková, Juliana
Körperschaft: Fakulta podnikového manažmentu EU. Katedra podnikových financií
Weitere Verfasser: Strižencová, Michaela
Format: Buch
Sprache:Slowakisch
Veröffentlicht: Bratislava 2012
Tags: Tag hinzufügen
Keine Tags, Fügen Sie das erste Tag hinzu!

MARC

LEADER 00000nbm a2200000 4500
001 0165850
005 20161026133411.7
041 0 |a slo 
044 |a SK 
245 1 0 |a Inštitucionálne investovanie v SR a vo svete  |b bakalárska práca  |c Juliana Miková ; školiteľ: Michaela Strižencová 
264 1 |a Bratislava  |c 2012 
300 |a 49 s. 
100 1 |a Miková, Juliana 
700 1 |a Strižencová, Michaela 
710 2 |a Fakulta podnikového manažmentu EU. Katedra podnikových financií